书目信息 |
| 题名: |
大学作文
|
|
| 作者: | 许应涛 主编 | |
| 分册: | ||
| 出版信息: | 延吉 延边大学出版社 2004.08 |
|
| 页数: | 297页 | |
| 开本: | 21cm | |
| 丛书名: | ||
| 单 册: | ||
| 中图分类: | H194.3 | |
| 科图分类: | ||
| 主题词: | 作文--zuo wen--高等学校--语言教学--选集 | |
| 电子资源: | ||
| ISBN: | 7-5634-1932-2 | |
| 000 | 00917nam0 2200253 450 | |
| 001 | 012008861219 | |
| 005 | 20080314162137.26 | |
| 010 | @a7-5634-1932-2@dCNY18.00 | |
| 100 | @a20080314d2004 km y0chiy0120 ea | |
| 101 | 0 | @achi |
| 102 | @aCN@b220000 | |
| 105 | @aa z 000yy | |
| 106 | @ar | |
| 200 | 1 | @a大学作文@Ada xue zuo wen@e17位全国著名高校学子的心灵感悟 |
| 210 | @a延吉@c延边大学出版社@d2004.08 | |
| 215 | @a297页@c图@d21cm | |
| 314 | @a版权页题: 许应涛主编 | |
| 330 | @a该书精选了全国著名高校一些在校大学生的文章,这里有他们对学习、生活、人生、生命的感悟,记录了他们成长过程中最真实最感动的心理历程。 | |
| 517 | 1 | @a17位全国著名高校学子的心灵感悟@A17 wei quan guo zhu ming gao xiao xue zi de xin ling gan wu |
| 606 | 0 | @a作文@Azuo wen@x高等学校@x语言教学@j选集 |
| 690 | @aH194.3@v4 | |
| 701 | 0 | @a许应涛@Axu ying tao@4主编 |
| 801 | 0 | @aCN@bQSSK@c20080314 |
| 905 | @b20282761-63@dH194.3@eX916@f3 | |
| 大学作文:17位全国著名高校学子的心灵感悟.-延吉:延边大学出版社,2004.08 |
| 297页:图;21cm |
| ISBN 7-5634-1932-2:CNY18.00 |
| 该书精选了全国著名高校一些在校大学生的文章,这里有他们对学习、生活、人生、生命的感悟,记录了他们成长过程中最真实最感动的心理历程。 |
| ● |
| 相关链接 |
|
|
|
正题名:大学作文
索取号:H194.3/X916
 
预约/预借
| 序号 | 登录号 | 条形码 | 馆藏地/架位号 | 状态 | 备注 |
| 1 | 282761 | 202827619 | 语言库209/400B社科库 8排3列5层/ [索取号:H194.3/X916] | 在馆 | |
| 2 | 282762 | 202827628 | 自科二线504/504自科库 46排1列5层/ [索取号:H194.3/X916] | 在馆 | |
| 3 | 282763 | 202827637 | 自科二线504/504自科库 46排1列6层/ [索取号:H194.3/X916] | 在馆 |